书目信息 |
| 题名: |
作物染色体及其研究技术
|
|
| 作者: | 李 学 张赞平 | |
| 分册: | ||
| 出版信息: | 北京 中国农业出版社 1996 |
|
| 页数: | 338 | |
| 开本: | 26cm | |
| 丛书名: | ||
| 单 册: | ||
| 中图分类: | S5.03 | |
| 科图分类: | ||
| 主题词: | 作物 | |
| 电子资源: | ||
| ISBN: | 7-109-04151-4 | |
| 000 | 00550nam0 2200181 450 | |
| 001 | 0741144344 | |
| 005 | 20070817112544.34 | |
| 010 | @a7-109-04151-4@d¥50.00 | |
| 100 | @a20070817d km y0chiy0120 ea | |
| 101 | 0 | @achi |
| 200 | 1 | @a作物染色体及其研究技术@Azuo wu ran se ti ji qi yan jiu ji shu@f李 学 张赞平@Fli xue zhang zan ping |
| 210 | @a北京@c中国农业出版社@d1996 | |
| 215 | @a338@c插图@d26cm | |
| 606 | 0 | @a作物 |
| 690 | @aS5.03@v3 | |
| 701 | 0 | @a李 学 张赞平@Ali xue zhang zan ping |
| 801 | 0 | @aCN@bPFT@c20070817 |
| 905 | @a213230@dS5.03@en1@f1 | |
| 作物染色体及其研究技术/李 学 张赞平.-北京:中国农业出版社,1996 |
| 338:插图;26cm |
| ISBN 7-109-04151-4:¥50.00 |
| ● |
| 相关链接 |
|
|
|
|
正题名:作物染色体及其研究技术
索取号:S5.03/n1
 
预约/预借
| 序号 | 登录号 | 条形码 | 馆藏地/架位号 | 状态 | 备注 |
| 1 | 6601495 | 266014957 | 密集书库-生命科学系/ [索取号:S5.03/n1] | 在馆 |